Easy Full House Quotes Quiz - Statistics

General Stats
  • This quiz has been taken 134 times
  • The average score is 9 of 10
Answer Stats
Hint Answer % Correct
Oh, Mylanta! DJ
100%
You got it dude! Michelle
99%
How rude! Stephanie
99%
Watch the hair! Jesse
97%
Have Mercy! Jesse
97%
That's Not A Big Problem. A Big Problem Is Like... Well... If Your Butt Fell Off." Joey
94%
When Life Gives You Dilemmas, Make Dilemonade. Danny
90%
I had a traumatic experience with squash once. I ate one. Kimmy
82%
It's Like Ordering A Pizza And Stopping After Only Six Slices. Steve
61%
Shame on you!(its 2 people) Nicky and Alex
50%
No matching quizzes found
Score Distribution
Percent of People with Each Score
Percentile by Number Answered
Your Score History
You have not taken this quiz